| 000 | 00683nam a22002177a 4500 | ||
|---|---|---|---|
| 003 | 0 | ||
| 005 | 20250827114723.0 | ||
| 008 | 250827b xxu||||| |||| 00| 0 eng d | ||
| 020 | _a978-1-98469-604-5 | ||
| 050 |
_aQA 267 _b.S36 2025 |
||
| 100 |
_aScott, Dylan, _eauthor. |
||
| 245 |
_aTheory of computation / _cDylan Scott. |
||
| 260 |
_aNew York, NY : _b3G E-Learning LLC, _c2025. |
||
| 300 |
_axviii, 245 pages : _bcolored illustrations ; _c26 cm. |
||
| 504 | _aIncludes bibliographical references and index. | ||
| 650 | _aAutomata theory. | ||
| 650 | _aFormal languages. | ||
| 650 | _aComputational complexity. | ||
| 650 |
_aComputer science _xMathematics. |
||
| 942 |
_2lcc _cBK |
||
| 999 |
_c367638 _d367638 |
||